Le conventionnel Goujon (1766-1793) [sic pour 1795] / (Record no. 166229)

MARC details
000 -LEADER
campo de control de longitud fija 00809nam a22002175i 4500
001 - NÚMERO DE CONTROL
campo de control 166229
003 - IDENTIFICADOR DE NÚMERO DE CONTROL
campo de control ES-MaACL
005 - FECHA Y HORA DE LA ÚLTIMA TRANSACCIÓN
campo de control 20251013215847.0
008 - DATOS DE LONGITUD FIJA--INFORMACIÓN GENERAL
campo de control de longitud fija 050914s1908 fr | |||||||| ||fre d
040 ## - FUENTE DE CATALOGACIÓN
Centro catalogador/agencia de origen CAM
Lengua de catalogación spa
Centro/agencia transcriptor CAM
100 1# - ENTRADA PRINCIPAL--NOMBRE DE PERSONA
Nombre de persona Thénard, Jean-François,
Fechas asociadas al nombre 1822-1896
9 (RLIN) 154428
245 13 - MENCIÓN DEL TÍTULO
Título Le conventionnel Goujon (1766-1793) [sic pour 1795] /
Mención de responsabilidad, etc. par L. [sic] Thénard et R. Guyot.
260 ## - PUBLICACIÓN, DISTRIBUCIÓN, ETC.
Lugar de publicación, distribución, etc. Paris :
Nombre del editor, distribuidor, etc. Félix Alcan,
Fecha de publicación, distribución, etc. 1908.
300 ## - DESCRIPCIÓN FÍSICA
Extensión XVIII, 243 p. ;
Dimensiones 23 cm.
490 1# - MENCIÓN DE SERIE
Mención de serie Bibliohèque d'histoire contemporaine
651 #4 - PUNTO DE ACCESO ADICIONAL DE MATERIA--NOMBRE GEOGRÁFICO
Nombre geográfico Francia-
Subdivisión general Historia-
Subdivisión cronológica 1789-1799, Revolución-
Subdivisión de forma Bibliografías.
9 (RLIN) 8686
700 1# - ENTRADA AGREGADA--NOMBRE PERSONAL
Nombre de persona Guyot, Raymond,
Fechas asociadas al nombre 1877-1934
9 (RLIN) 154429
830 0# - PUNTO DE ACCESO ADICIONAL DE SERIE-TÍTULO UNIFORME
Título uniforme Bibliohèque d'histoire contemporaine
9 (RLIN) 222533
852 ## - LOCALIZACIÓN
Ubicación ES-MaACL
Número de control de estantería G-7188
Nota libre -- Rúst.
Holdings
Estatus retirado Estado de pérdida Estado de daño No para préstamo Biblioteca de origen Biblioteca actual Ubicación en estantería Fecha de adquisición Fuente de adquisición Total de préstamos Signatura topográfica completa Código de barras Visto por última vez Precio de reemplazo Tipo de ítem Koha
        Biblioteca del Ateneo de Madrid Biblioteca del Ateneo de Madrid Depósito 2 17/01/2008     G-7188 1174329 23/02/2023 23/02/2023 Libro impreso